Statistical techniques in business & economics / (Record no. 561)

000 -LEADER
fixed length control field 00683nam a22002297a 4500
001 - CONTROL NUMBER
control field 561
003 - CONTROL NUMBER IDENTIFIER
control field BD-DhUET
008 - FIXED-LENGTH DATA ELEMENTS--GENERAL INFORMATION
fixed length control field 140803b xxu||||| |||| 00| 0 eng d
020 ## - INTERNATIONAL STANDARD BOOK NUMBER
International Standard Book Number 9780070667075
040 ## - CATALOGING SOURCE
Transcribing agency 0
Modifying agency BD-DhUET
082 ## - DEWEY DECIMAL CLASSIFICATION NUMBER
Classification number 519.23
Item number LIN/2008
100 ## - MAIN ENTRY--PERSONAL NAME
Personal name Lind, Douglas A.
245 ## - TITLE STATEMENT
Title Statistical techniques in business & economics /
Statement of responsibility, etc. by Douglas A. Lind, William G. Marchal, Samuel A. Wathen
250 ## - EDITION STATEMENT
Edition statement 13th ed.
260 ## - PUBLICATION, DISTRIBUTION, ETC. (IMPRINT)
Place of publication, distribution, etc. New Delhi:
Name of publisher, distributor, etc. Tata McGraw-Hill,
Date of publication, distribution, etc. 2008.
300 ## - PHYSICAL DESCRIPTION
Extent xix,860p.
504 ## - BIBLIOGRAPHY, ETC. NOTE
Bibliography, etc With one CD-ROM (Acc.no.112988)
650 #0 - SUBJECT ADDED ENTRY--TOPICAL TERM
Topical term or geographic name as entry element Probabilities and random processes
700 ## - ADDED ENTRY--PERSONAL NAME
Personal name Marchal, William G.
700 ## - ADDED ENTRY--PERSONAL NAME
Personal name Wathen, Samuel A.
942 ## - ADDED ENTRY ELEMENTS (KOHA)
Koha item type General Book
Holdings
Koha issues (times borrowed) Shelving location Koha full call number Not for loan Piece designation (barcode) Source of classification or shelving scheme Location (home branch) Damaged status Koha normalized classification for sorting Koha out on loan Lost status Sublocation or collection (holding branch) Price effective from Koha date last seen Date acquired Koha date last borrowed Withdrawn status Copy number Koha item type
6Circulation section519.23/LIN/2008 112096 Central Library, BUET 519_000000000000000_23LIN20082023-09-24 Central Library, BUET2014-08-032023-09-102014-08-032023-09-10 1General Book
8Circulation section519.23/LIN/2008 112097 Central Library, BUET 519_000000000000000_23LIN2008  Central Library, BUET2014-08-032023-10-302014-08-032023-06-07 2General Book
6Circulation section519.23/LIN/2008 112988 Central Library, BUET 519_000000000000000_23LIN20082024-05-27 Central Library, BUET2014-09-292023-05-282014-09-292023-05-28 3General Book